[Event "4NCL Division Four"]
[Site "Telford, ENG"]
[Date "2024.05.04"]
[Round "9.46"]
[White "Ding, Yicheng"]
[Black "Woolgar, Steven G"]
[Result "1-0"]
[WhiteElo "1602"]
[BlackElo "1763"]
[PlyCount "107"]
[EventDate "2024.05.04"]
[WhiteTeam "Desert Penguins"]
[BlackTeam "Coventry"]

1. d4 Nf6 2. c4 e6 3. Nf3 d5 4. e3 Nc6 5. Nc3 Bb4 6. Bd2 O-O 7. a3 Be7 8. Bd3
dxc4 9. Bxc4 a6 10. a4 b6 11. O-O Bb7 12. Bd3 Nb4 13. Be2 Rc8 14. Na2 Nxa2 15.
Rxa2 c5 16. dxc5 Bxc5 17. b4 Be7 18. b5 a5 19. Rc2 Be4 20. Rxc8 Qxc8 21. Qb3
Bd5 22. Qb2 Qb8 23. Ne5 Rc8 24. Bc3 Qc7 25. Bd4 Qc2 26. Qxc2 Rxc2 27. Bd1 Rc8
28. Bxb6 Bb4 29. Bf3 Bb3 30. Bd1 Bd5 31. f3 Bc3 32. Bd4 Bb4 33. e4 Bc4 34. Nxc4
Rxc4 35. Be3 h6 36. b6 Bc3 37. Be2 Rb4 38. Bb5 Be5 39. b7 Bb8 40. Rc1 Kh7 41.
Bb6 Rb2 42. Bxa5 Ba7+ 43. Kh1 Nh5 44. Bc7 Nf6 45. b8=Q Bxb8 46. Bxb8 Nd7 47.
Bxd7 Rxb8 48. a5 Rb7 49. Bc6 Rc7 50. a6 Ra7 51. Bb7 f6 52. Rc7 e5 53. h4 h5 54.
Rc8 1-0

[Event "4NCL Division Four"]
[Site "Telford, ENG"]
[Date "2024.05.04"]
[Round "9.51"]
[White "Rubeck, Jonathan"]
[Black "Tringali, Alessandro"]
[Result "1-0"]
[WhiteElo "1927"]
[BlackElo "1790"]
[PlyCount "69"]
[EventDate "2024.05.04"]
[WhiteTeam "Watford A"]
[BlackTeam "Oxford 3"]

1. e4 e5 2. Nf3 Nc6 3. d4 exd4 4. Bc4 Bc5 5. c3 dxc3 6. Bxf7+ Kxf7 7. Qd5+ Kf8
8. Qxc5+ d6 9. Qxc3 Qf6 10. Qb3 Qe6 11. Qa4 h6 12. Nc3 Nge7 13. O-O a6 14. Bf4
b5 15. Nxb5 Rb8 16. Nxc7 Qf6 17. e5 dxe5 18. Bxe5 Qg6 19. Bc3 Qd6 20. Be5 Qg6
21. Rad1 Bg4 22. Qf4+ Kg8 23. Rd6 Qh5 24. Bc3 Kh7 25. Rxc6 Nxc6 26. Qe4+ Qg6
27. Qxg6+ Kxg6 28. Nh4+ Kh5 29. g3 Rb7 30. Nxa6 Be2 31. Nc5 Rf7 32. Re1 Bg4 33.
Ng2 Rd8 34. Nf4+ Kg5 35. Nfe6+ 1-0

[Event "4NCL Division Four"]
[Site "Telford, ENG"]
[Date "2024.05.04"]
[Round "9.52"]
[White "Neatherway, A Philip"]
[Black "Lancaster, Roger"]
[Result "0-1"]
[WhiteElo "1831"]
[BlackElo "1948"]
[PlyCount "74"]
[EventDate "2024.05.04"]
[WhiteTeam "Oxford 3"]
[BlackTeam "Watford A"]

1. b3 c5 2. Bb2 Nc6 3. e3 e6 4. Nf3 Nf6 5. Bb5 Be7 6. O-O O-O 7. Bxc6 bxc6 8.
c4 d6 9. Nc3 e5 10. d3 Qc7 11. Rc1 h6 12. Qe2 Bf5 13. Rfd1 Rae8 14. a3 a5 15.
Na4 Qb8 16. Nd2 Bd8 17. h3 Bg6 18. Bc3 Qa7 19. Qf3 Qb7 20. Rb1 Bxd3 21. Rb2 Bg6
22. b4 e4 23. Qe2 axb4 24. axb4 Qa7 25. Ra2 cxb4 26. Bxb4 c5 27. Bc3 Qd7 28.
Nf1 Qe6 29. Rad2 Bc7 30. Ba1 Bh5 31. g4 Nxg4 32. Ng3 Nxe3 33. Qxh5 Nxd1 34.
Rxd1 e3 35. Nf5 Qg6+ 36. Qxg6 exf2+ 37. Kxf2 fxg6 0-1

[Event "4NCL Division Four"]
[Site "Telford, ENG"]
[Date "2024.05.04"]
[Round "9.53"]
[White "Dairi, Ramsey"]
[Black "Poderico, Francesco"]
[Result "1-0"]
[WhiteElo "1814"]
[BlackElo "1723"]
[PlyCount "97"]
[EventDate "2024.05.04"]
[WhiteTeam "Watford A"]
[BlackTeam "Oxford 3"]

1. e4 c5 2. Be2 Nc6 3. d3 g6 4. f4 Bg7 5. Nf3 e6 6. O-O Nge7 7. a4 d6 8. Na3
O-O 9. c3 b6 10. Be3 d5 11. e5 f6 12. d4 Nf5 13. Bf2 cxd4 14. cxd4 fxe5 15.
fxe5 Bd7 16. g4 Nh6 17. Bh4 Ne7 18. h3 a6 19. Rc1 Nf7 20. Rc3 Bh6 21. Qc2 Ra7
22. Bd3 Qe8 23. b3 Nd8 24. Qe2 Ndc6 25. Nc2 Bc8 26. b4 a5 27. b5 Nb4 28. Rb3
Nxd3 29. Qxd3 Rc7 30. Ne3 Bd7 31. Rc3 Rc8 32. Rxc8 Bxc8 33. Ng2 Bd7 34. Rf2 Rf7
35. Rc2 Qf8 36. Bf6 Qb8 37. Qc3 Kf8 38. Qc7 Qxc7 39. Rxc7 Nc8 40. g5 Bg7 41.
Nf4 Ke8 42. h4 Bxf6 43. gxf6 Kd8 44. Rc2 Rf8 45. Ng5 Ke8 46. Nfxe6 Bxe6 47.
Nxe6 Rf7 48. Rxc8+ Kd7 49. Ng5 1-0

[Event "4NCL Division Four"]
[Site "Telford, ENG"]
[Date "2024.05.04"]
[Round "9.54"]
[White "Rumsby, Stephen"]
[Black "Liu, Jacob"]
[Result "1-0"]
[WhiteElo "1702"]
[BlackElo "1689"]
[PlyCount "111"]
[EventDate "2024.05.04"]
[WhiteTeam "Oxford 3"]
[BlackTeam "Watford A"]

1. e4 e6 2. d4 d5 3. Nd2 c5 4. c3 Nc6 5. Ngf3 cxd4 6. cxd4 Bb4 7. e5 Nh6 8. a3
Be7 9. Bd3 Nf5 10. Nb3 a5 11. a4 O-O 12. O-O b6 13. Qe2 Nb4 14. Bb5 Bd7 15. Bd2
Rc8 16. Rfc1 f6 17. h3 fxe5 18. Nxe5 Bxb5 19. Qxb5 Nc2 20. Nc6 Rxc6 21. Qxc6
Nxa1 22. Qxe6+ Kh8 23. Rxa1 Bh4 24. Rf1 Rf6 25. Qe5 Qf8 26. Bf4 Nxd4 27. Nxd4
Rxf4 28. Nf3 Rf5 29. Qd4 Bd8 30. Ne5 Bf6 31. Re1 Qe7 32. f4 Bxe5 33. fxe5 Qc5
34. Qxc5 bxc5 35. e6 Rf8 36. e7 Re8 37. Re5 Kg8 38. Rxd5 Rxe7 39. Rxc5 Rb7 40.
Rb5 Ra7 41. b4 axb4 42. Rxb4 Ra5 43. Re4 h5 44. g4 Kf7 45. Kg2 g6 46. Kg3 Kf6
47. h4 hxg4 48. Kxg4 Kf7 49. Kf3 Rc5 50. Ke3 Kf6 51. Kd3 Kf5 52. Rc4 Re5 53.
Kc3 Kf6 54. Kb4 Rh5 55. a5 Kg7 56. a6 1-0

[Event "4NCL Division Four"]
[Site "Telford, ENG"]
[Date "2024.05.04"]
[Round "9.55"]
[White "Dairi, Mahmoud"]
[Black "Kocan, Barry A"]
[Result "0-1"]
[WhiteElo "1310"]
[BlackElo "1679"]
[PlyCount "78"]
[EventDate "2024.05.04"]
[WhiteTeam "Watford A"]
[BlackTeam "Oxford 3"]

1. e4 c5 2. Be2 Nc6 3. d3 g6 4. f4 Bg7 5. Nf3 d6 6. O-O Nf6 7. c3 O-O 8. Qe1
Qc7 9. Qh4 e5 10. f5 gxf5 11. Bh6 Bxh6 12. Qxh6 Ng4 13. Qh5 f6 14. exf5 Ne3 15.
Nbd2 Nxf1 16. Rxf1 Rf7 17. Qh6 Qe7 18. Ne4 Bd7 19. Nh4 Raf8 20. Rf3 Rg7 21. Rh3
Be8 22. Ng6 Bxg6 23. fxg6 Rxg6 24. Rg3 Rxg3 25. Nxg3 Qg7 26. Nf5 Qxh6 27. Nxh6+
Kh8 28. Bf3 f5 29. Bd5 Kg7 30. Nf7 Rxf7 31. Bxf7 Kxf7 32. Kf2 b5 33. h3 h5 34.
b3 d5 35. Kf3 a5 36. Kg3 Kg6 37. b4 d4 38. c4 bxc4 39. dxc4 Nxb4 0-1

[Event "4NCL Division Four"]
[Site "Telford, ENG"]
[Date "2024.05.04"]
[Round "9.56"]
[White "Matilal, Tamal"]
[Black "Dairi, Daniella"]
[Result "1-0"]
[WhiteElo "1573"]
[BlackElo "778"]
[PlyCount "39"]
[EventDate "2024.05.04"]
[WhiteTeam "Oxford 3"]
[BlackTeam "Watford A"]

1. Nf3 d5 2. c4 dxc4 3. Na3 Be6 4. e3 g6 5. Nd4 Bd5 6. Nxc4 Bxc4 7. Bxc4 Bg7 8.
Qb3 e6 9. Qxb7 Nd7 10. Nc6 Qc8 11. Ba6 Nb6 12. Qxc8+ Nxc8 13. Bb7 Nb6 14. Bxa8
Nxa8 15. O-O Nf6 16. a4 O-O 17. Nxa7 Nd7 18. a5 Rb8 19. Nc6 Rb5 20. d4 1-0

[Event "4NCL Division Four"]
[Site "Telford, ENG"]
[Date "2024.05.04"]
[Round "9.61"]
[White "Eckert, Jonathan"]
[Black "Kothari, Jai"]
[Result "0-1"]
[WhiteElo "1755"]
[BlackElo "2143"]
[PlyCount "80"]
[EventDate "2024.05.04"]
[WhiteTeam "CSC/Kingston 3"]
[BlackTeam "Guildford Young Guns"]

1. e4 c5 2. Nc3 Nc6 3. f4 g6 4. Nf3 Bg7 5. Bb5 Nd4 6. O-O a6 7. Bd3 d6 8. Nxd4
cxd4 9. Ne2 Nf6 10. c3 dxc3 11. bxc3 O-O 12. Bc2 b5 13. d4 Bb7 14. d5 Qb6+ 15.
Kh1 Rac8 16. Bd2 Ng4 17. Nd4 Bxd4 18. Qxg4 Bxc3 19. Bxc3 Rxc3 20. Bb3 a5 21. f5
Kg7 22. fxg6 hxg6 23. Rae1 a4 24. Bd1 Bc8 25. Qg5 f6 26. Qf4 Qd4 27. Qf2 Qxf2
28. Rxf2 Bd7 29. Kg1 b4 30. Rb2 Rb8 31. Bf3 a3 32. Rd2 Bb5 33. Kf2 Bc4 34. Be2
b3 35. axb3 Rbxb3 36. Bxc4 Rxc4 37. Ra2 Rcc3 38. Ree2 g5 39. g3 Kf7 40. h3 Rxg3
0-1

[Event "4NCL Division Four"]
[Site "Telford, ENG"]
[Date "2024.05.04"]
[Round "9.62"]
[White "Sefton, Adam"]
[Black "Attwell, Ben"]
[Result "1/2-1/2"]
[WhiteElo "1926"]
[BlackElo "1819"]
[PlyCount "113"]
[EventDate "2024.05.04"]
[WhiteTeam "Guildford Young Guns"]
[BlackTeam "CSC/Kingston 3"]

1. e4 c6 2. Nc3 d5 3. Nf3 dxe4 4. Nxe4 Nf6 5. Ng3 Bg4 6. Bc4 e6 7. h3 Bxf3 8.
Qxf3 Bd6 9. O-O O-O 10. c3 Nbd7 11. d4 Qc7 12. Ne4 Nxe4 13. Qxe4 Nf6 14. Qh4
Nd5 15. Bd3 g6 16. Bh6 Rfe8 17. Rae1 Bf8 18. Bc1 Bg7 19. Re2 a6 20. Rfe1 Rad8
21. Bb1 Qe7 22. Qg3 Qd6 23. Qf3 h6 24. h4 h5 25. Bg5 Rc8 26. g4 hxg4 27. Qxg4
Nf6 28. Bxf6 Bxf6 29. Bxg6 fxg6 30. Rxe6 Rxe6 31. Rxe6 Qd7 32. Qxg6+ Bg7 33.
Rd6 Qe8 34. Qg4 Rc7 35. Re6 Re7 36. Rxe7 Qxe7 37. Kf1 Qf7 38. b3 Kh7 39. Qe4+
Qg6 40. Qe2 Bf6 41. h5 Qf5 42. Qe8 Bh4 43. Qg6+ Qxg6 44. hxg6+ Kxg6 45. Ke2 Kf5
46. f3 Kf4 47. Kd3 Kxf3 48. Kc4 Ke4 49. Kc5 Bd8 50. Kd6 Kd3 51. Kd7 Bb6 52. Kc8
Kxc3 53. Kxb7 Bxd4 54. Kxc6 Kb4 55. Kb7 a5 56. Ka6 Bb2 57. Kb6 1/2-1/2

[Event "4NCL Division Four"]
[Site "Telford, ENG"]
[Date "2024.05.04"]
[Round "9.63"]
[White "Smith, David"]
[Black "Welling, Zac"]
[Result "0-1"]
[WhiteElo "1777"]
[BlackElo "1922"]
[PlyCount "106"]
[EventDate "2024.05.04"]
[WhiteTeam "CSC/Kingston 3"]
[BlackTeam "Guildford Young Guns"]

1. d4 Nf6 2. Bf4 g6 3. Nc3 d5 4. Qd2 h6 5. O-O-O Bg7 6. h4 a6 7. f3 b5 8. g4 h5
9. g5 Nh7 10. e4 c6 11. Qh2 Be6 12. Bc7 Qc8 13. Ba5 O-O 14. Bb4 Re8 15. Nh3
dxe4 16. Nxe4 a5 17. Bc5 Nd7 18. Nf4 Nxc5 19. Nxc5 Bf5 20. Bh3 e5 21. Ne2 Nf8
22. Ne4 Rd8 23. dxe5 Rxd1+ 24. Kxd1 Bxh3 25. Qxh3 Qxh3 26. Rxh3 Rd8+ 27. Kc1
Bxe5 28. f4 Bc7 29. f5 Kg7 30. f6+ Kg8 31. Rc3 Re8 32. N2g3 Bf4+ 33. Kd1 Rd8+
34. Ke2 Ne6 35. Kf3 Be5 36. Rd3 Rxd3+ 37. cxd3 Bxb2 38. Ne2 Nd4+ 39. Nxd4 Bxd4
40. Ng3 Kf8 41. Ne2 Bb6 42. Nf4 a4 43. Ke2 Bc7 44. Ng2 Ke8 45. Kd2 Be5 46. Kc2
Kd7 47. Ne1 Bg3 48. Nf3 Kd6 49. Kc3 Kc5 50. a3 Kd5 51. Kb4 Bd6+ 52. Kc3 Bxa3
53. d4 Bd6 0-1

[Event "4NCL Division Four"]
[Site "Telford, ENG"]
[Date "2024.05.04"]
[Round "9.64"]
[White "Twisk, Sebastian"]
[Black "Grey, Nicholas D"]
[Result "1-0"]
[WhiteElo "1955"]
[BlackElo "1705"]
[PlyCount "73"]
[EventDate "2024.05.04"]
[WhiteTeam "Guildford Young Guns"]
[BlackTeam "CSC/Kingston 3"]

1. e4 c5 2. c3 Nf6 3. e5 Nd5 4. d4 cxd4 5. Nf3 d6 6. cxd4 e6 7. Bc4 Nb6 8. Bb5+
Bd7 9. Bxd7+ Qxd7 10. O-O Nc6 11. Nc3 d5 12. Ne1 Be7 13. f4 O-O 14. Nc2 f5 15.
g4 Rac8 16. gxf5 Rxf5 17. Kh1 Rcf8 18. Rg1 Qe8 19. Qg4 Qf7 20. Ne2 h5 21. Qg2
h4 22. Ne3 g5 23. Nxf5 Qxf5 24. fxg5 h3 25. Qg4 Qxg4 26. Rxg4 Rf2 27. Nf4 Rf1+
28. Rg1 Rxg1+ 29. Kxg1 Nxd4 30. Nxh3 Nf3+ 31. Kg2 Nxe5 32. Nf4 Bxg5 33. Nxe6
Be7 34. Be3 Bd6 35. Bc5 Nbc4 36. b3 Bxc5 37. bxc4 1-0

[Event "4NCL Division Four"]
[Site "Telford, ENG"]
[Date "2024.05.04"]
[Round "9.65"]
[White "Cresswell, Mike J"]
[Black "Jennis, Alistair"]
[Result "1/2-1/2"]
[WhiteElo "1637"]
[BlackElo "1527"]
[PlyCount "51"]
[EventDate "2024.05.04"]
[WhiteTeam "CSC/Kingston 3"]
[BlackTeam "Guildford Young Guns"]

1. e4 c5 2. Nf3 d6 3. d4 cxd4 4. Nxd4 Nf6 5. Nc3 Nc6 6. a3 a6 7. Be2 g6 8. O-O
Nxd4 9. Qxd4 Bg7 10. Qd1 Be6 11. Bf3 Qc7 12. Nd5 Nxd5 13. exd5 Bf5 14. c3 O-O
15. Bg4 Bxg4 16. Qxg4 Rac8 17. Re1 Rfe8 18. Bg5 Bf8 19. h4 Qc4 20. Qxc4 Rxc4
21. g3 h6 22. Bf4 Rcc8 23. Re2 Bg7 24. Rae1 Kf8 25. Kg2 b5 26. Kf3 1/2-1/2

[Event "4NCL Division Four"]
[Site "Telford, ENG"]
[Date "2024.05.04"]
[Round "9.66"]
[White "Gaseltine, Arthur"]
[Black "Cooke, Charlie"]
[Result "1/2-1/2"]
[WhiteElo "1387"]
[BlackElo "1611"]
[PlyCount "94"]
[EventDate "2024.05.04"]
[WhiteTeam "Guildford Young Guns"]
[BlackTeam "CSC/Kingston 3"]

1. e4 e5 2. Nf3 Nf6 3. Nc3 Nc6 4. Bb5 d6 5. h3 Bd7 6. d3 a6 7. Ba4 Be7 8. O-O
b5 9. Bb3 Na5 10. Re1 Nxb3 11. axb3 O-O 12. Ne2 h6 13. Ng3 Re8 14. Be3 Bf8 15.
c4 Kh8 16. Qc2 c5 17. Bd2 b4 18. Ra2 Ng8 19. Rea1 Bc8 20. Nf1 g6 21. Ne3 Bg7
22. Nd5 Ne7 23. Nxe7 Qxe7 24. Qc1 Kh7 25. Nh2 Rf8 26. Nf1 f5 27. exf5 Rxf5 28.
Ne3 Rf7 29. Nd5 Qd8 30. Qc2 Bb7 31. Ne3 Qh4 32. Rf1 Qd4 33. Ng4 e4 34. Be3 Qxd3
35. Qxd3 exd3 36. Rd1 h5 37. Nh2 Rd7 38. Rxd3 Bf6 39. Nf3 Bxf3 40. gxf3 Rdd8
41. Bf4 Bd4 42. Be3 Be5 43. Kg2 Kg7 44. Bg5 Rd7 45. Be3 Raa7 46. Rd5 Bf6 47.
Bf4 Be7 1/2-1/2

[Event "4NCL Division Four"]
[Site "Telford, ENG"]
[Date "2024.05.04"]
[Round "9.71"]
[White "Davis, Lee"]
[Black "MacNeil, Elliott"]
[Result "0-1"]
[WhiteElo "2037"]
[BlackElo "1942"]
[PlyCount "104"]
[EventDate "2024.05.04"]
[WhiteTeam "The Full Ponty"]
[BlackTeam "Wessex B"]

1. d4 d6 2. Nf3 g6 3. g3 Bg7 4. Bg2 f5 5. O-O Nf6 6. c4 O-O 7. Nc3 Qe8 8. d5 a5
9. Rb1 Na6 10. Nd4 Bd7 11. b3 Nc5 12. Bb2 Rb8 13. e3 g5 14. Nde2 e5 15. dxe6
Nxe6 16. Nd5 Bc6 17. Bxf6 Bxf6 18. Nxf6+ Rxf6 19. Bxc6 bxc6 20. Nd4 g4 21. Nxe6
Rxe6 22. Qd2 Qh5 23. Qxa5 Rh6 24. Rfe1 Qxh2+ 25. Kf1 Qh1+ 26. Ke2 Qf3+ 27. Kd3
Rc8 28. Rb2 Qe4+ 29. Kd2 c5 30. Qc3 Rh2 31. Kc1 Kf7 32. Qc2 Qe5 33. Qd3 c6 34.
Rd1 Rd8 35. Rbd2 Ke6 36. Kb1 h5 37. f4 Rxd2 38. Rxd2 Qe4 39. Qxe4+ fxe4 40. Rh2
Rh8 41. Kc2 h4 42. gxh4 Kf5 43. Kd2 g3 44. Rh1 Kg4 45. Ke2 g2 46. Rg1 Kg3 47.
f5 Rxh4 48. f6 Rh7 49. a4 Rf7 50. a5 Rxf6 51. a6 Rf2+ 52. Ke1 Ra2 0-1

[Event "4NCL Division Four"]
[Site "Telford, ENG"]
[Date "2024.05.04"]
[Round "9.72"]
[White "Pyda, Arjun"]
[Black "Fletcher, John"]
[Result "0-1"]
[WhiteElo "1913"]
[BlackElo "2007"]
[PlyCount "134"]
[EventDate "2024.05.04"]
[WhiteTeam "Wessex B"]
[BlackTeam "The Full Ponty"]

1. f4 d5 2. c4 d4 3. Nf3 c5 4. g3 Nc6 5. d3 g6 6. Bg2 Bg7 7. O-O Nh6 8. Na3 O-O
9. Nc2 f5 10. Bd2 a5 11. Rb1 Nf7 12. b3 Re8 13. a3 Bd7 14. b4 axb4 15. axb4
cxb4 16. Nxb4 Nxb4 17. Rxb4 Bc6 18. Ne1 Ra2 19. Bxc6 bxc6 20. Ra4 Rxa4 21. Qxa4
Qa8 22. Qb4 e5 23. Rf2 e4 24. Rf1 Bf8 25. Qa5 Qb7 26. Qa2 e3 27. Bc1 Ra8 28.
Qc2 Bb4 29. Bb2 Bxe1 30. Rxe1 Ra2 31. Rb1 Qa6 32. Qb3 c5 33. Qb8+ Kg7 34. Qc7
Qa5 35. Qxa5 Rxa5 36. Ra1 Rxa1+ 37. Bxa1 Kf6 38. Bb2 Ke6 39. Ba3 Kd6 40. Kg2
Nd8 41. Kf3 Ne6 42. g4 Kc6 43. gxf5 gxf5 44. Kg3 $11 Kb6 45. Kf3 Ka5 46. Kg3
Ka4 47. Bb2 Kb3 48. Bc1 h6 49. Kf3 Nc7 50. Kg3 Ne6 51. Kf3 Kc2 52. Ba3 Kb3 53.
Bc1 Nc7 54. Kg3 Na6 55. Kf3 Nb4 56. Bxe3 dxe3 57. Kxe3 Kc3 58. Kf3 Nxd3 59. e4
fxe4+ 60. Kxe4 Nxf4 61. Kxf4 Kxc4 62. h4 Kd4 63. h5 c4 64. Kf5 c3 65. Kg6 Ke5
66. Kxh6 Kf6 67. Kh7 c2 0-1

[Event "4NCL Division Four"]
[Site "Telford, ENG"]
[Date "2024.05.04"]
[Round "9.73"]
[White "Adams, Mark"]
[Black "Chilton, James I"]
[Result "1-0"]
[WhiteElo "2013"]
[BlackElo "1821"]
[PlyCount "81"]
[EventDate "2024.05.04"]
[WhiteTeam "The Full Ponty"]
[BlackTeam "Wessex B"]

1. e4 c5 2. Nf3 e6 3. d4 cxd4 4. Nxd4 a6 5. Nc3 Nc6 6. f4 Qc7 7. Nxc6 bxc6 8.
Bd3 Bc5 9. Qe2 Ne7 10. Bd2 O-O 11. g4 d5 12. e5 f5 13. Na4 Ba7 14. c4 c5 15.
gxf5 Nxf5 16. cxd5 exd5 17. Nc3 Bb7 18. O-O-O c4 19. Bxf5 Rxf5 20. Rhe1 d4 21.
Ne4 Bd5 22. Nf6+ Rxf6 23. exf6 c3 24. Bxc3 Bxa2 25. Qe7 Qxf4+ 26. Rd2 Bf7 27.
Qb7 Rd8 28. Ba5 d3 29. Re4 Qf1+ 30. Rd1 Qf2 31. Bd2 Qc5+ 32. Bc3 d2+ 33. Rxd2
Qg1+ 34. Kc2 Rxd2+ 35. Bxd2 Qc5+ 36. Kb1 Qg1+ 37. Bc1 gxf6 38. Qc8+ Be8 39.
Rg4+ Qxg4 40. Qxg4+ Bg6+ 41. Ka2 1-0

[Event "4NCL Division Four"]
[Site "Telford, ENG"]
[Date "2024.05.04"]
[Round "9.74"]
[White "Syed, Ashraf"]
[Black "Perrett, David C"]
[Result "0-1"]
[WhiteElo "1780"]
[BlackElo "2013"]
[PlyCount "78"]
[EventDate "2024.05.04"]
[WhiteTeam "Wessex B"]
[BlackTeam "The Full Ponty"]

1. d4 d5 2. Bf4 e6 3. e3 Bd6 4. Bg3 Nf6 5. Nd2 Nc6 6. Ngf3 Qe7 7. Ne5 Nd7 8. f4
O-O 9. c4 Bxe5 10. fxe5 f6 11. exf6 Nxf6 12. Bd3 dxc4 13. Nxc4 e5 14. Nxe5 Nxe5
15. Bxe5 Ng4 16. Rf1 Be6 17. Qd2 Rxf1+ 18. Bxf1 Nxe5 19. dxe5 Rd8 20. Bd3 g6
21. O-O-O Kg7 22. Kb1 Qc5 23. Rc1 Qxe5 24. Qc3 Qxc3 25. Rxc3 c6 26. a3 Rxd3 27.
Rxd3 Bf5 28. Kc2 Kf6 29. Kd2 Bxd3 30. Kxd3 Ke5 31. g4 h5 32. gxh5 gxh5 33. b4
b6 34. a4 h4 35. h3 Kd5 36. a5 Ke5 37. Kc4 Ke4 38. a6 Kxe3 39. b5 c5 0-1

[Event "4NCL Division Four"]
[Site "Telford, ENG"]
[Date "2024.05.04"]
[Round "9.75"]
[White "Roberts, David L"]
[Black "Prabhakaran, Anvikkashri"]
[Result "1-0"]
[WhiteElo "1992"]
[BlackElo "1632"]
[PlyCount "77"]
[EventDate "2024.05.04"]
[WhiteTeam "The Full Ponty"]
[BlackTeam "Wessex B"]

1. e4 e6 2. d3 d5 3. Nd2 c5 4. Ngf3 Nc6 5. g3 Nge7 6. Bg2 Ng6 7. O-O Be7 8. Re1
O-O 9. Nf1 Bf6 10. c3 Bd7 11. N3d2 d4 12. c4 Nce5 13. Nb3 b6 14. f4 Nc6 15. e5
Be7 16. Nbd2 Rc8 17. Nf3 f6 18. Bh3 fxe5 19. fxe5 Qe8 20. N1d2 Nb4 21. Bf1 Ba4
22. b3 Bc6 23. a3 Na6 24. Bg2 Qf7 25. Rf1 Qf5 26. Qe2 Qh5 27. Bb2 Bg5 28. Rae1
Be3+ 29. Kh1 Ne7 30. Ne4 Nf5 31. Nxd4 Qh6 32. Nxc6 Rxc6 33. g4 Bf4 34. Rxf4
Qxf4 35. gxf5 Rcc8 36. Rf1 Qh6 37. Bc1 Qh4 38. Bg5 Qxg5 39. Nxg5 1-0

[Event "4NCL Division Four"]
[Site "Telford, ENG"]
[Date "2024.05.04"]
[Round "9.76"]
[White "Wright, George A"]
[Black "Hughes, Anthony"]
[Result "0-1"]
[WhiteElo "1338"]
[BlackElo "1854"]
[PlyCount "104"]
[EventDate "2024.05.04"]
[WhiteTeam "Wessex B"]
[BlackTeam "The Full Ponty"]

1. d4 d5 2. c4 e6 3. Nc3 Nf6 4. Bf4 dxc4 5. e3 c5 6. Bxc4 cxd4 7. Qxd4 Qxd4 8.
exd4 Bb4 9. Nge2 O-O 10. O-O Bd7 11. a3 Ba5 12. b4 Bb6 13. h3 Rc8 14. Bd3 Bxd4
15. Rac1 Bb6 16. Ne4 Nxe4 17. Bxe4 Nc6 18. Rfd1 Be8 19. b5 Nd8 20. a4 f6 21.
Bd6 Bg6 22. Bxg6 hxg6 23. Ba3 Rxc1 24. Bxc1 Nf7 25. Nf4 Rd8 26. Rxd8+ Nxd8 27.
Nxg6 Kf7 28. Nf4 g5 29. Nd3 Kg6 30. g4 Bd4 31. Be3 Bxe3 32. fxe3 Kf7 33. a5 a6
34. bxa6 bxa6 35. Nc5 Nc6 36. Kf2 Nxa5 37. Nxa6 Ke7 38. Nc5 Kd6 39. Ne4+ Ke5
40. Ng3 Nc4 41. Kf3 Nd2+ 42. Ke2 Ne4 43. Nh5 Nc3+ 44. Kd3 Nd5 45. Ng3 Ne7 46.
e4 Ng6 47. Nh5 Nf4+ 48. Ke3 Nxh3 49. Ng7 Nf4 50. Nh5 Nxh5 51. gxh5 f5 52. Kf3
Kf6 0-1

[Event "4NCL Division Four"]
[Site "Telford, ENG"]
[Date "2024.05.04"]
[Round "9.81"]
[White "Walentowicz, Stefan"]
[Black "Vaddhireddy, Sai"]
[Result "0-1"]
[WhiteElo "1818"]
[BlackElo "1844"]
[PlyCount "78"]
[EventDate "2024.05.04"]
[WhiteTeam "Ashfield 3"]
[BlackTeam "Apprentice Woodpushers"]

1. d4 d5 2. Nf3 Nf6 3. e3 Bf5 4. c4 c6 5. Nc3 e6 6. Be2 Nbd7 7. O-O Be7 8. b3
O-O 9. Bb2 h6 10. Nh4 Bh7 11. Nf3 Re8 12. cxd5 exd5 13. a3 Bd6 14. Rc1 Qe7 15.
Bd3 Bxa3 16. Bxh7+ Nxh7 17. Bxa3 Qxa3 18. Qc2 Nhf6 19. Ra1 Qe7 20. Ra2 Ne4 21.
Rfa1 Nxc3 22. Qxc3 a6 23. b4 Nf6 24. Ra4 Ne4 25. Qe1 Rad8 26. Ne5 Nd6 27. Nd3
Nb5 28. Qc1 Rd6 29. h3 Qg5 30. Ne1 Rg6 31. Qd2 Re4 32. g3 Nxd4 33. Qb2 Nf5 34.
Nf3 Qf6 35. Qe2 Nd4 36. Nxd4 Qxd4 37. b5 Qe5 38. Rxe4 Qxa1+ 39. Kg2 dxe4 0-1

[Event "4NCL Division Four"]
[Site "Telford, ENG"]
[Date "2024.05.04"]
[Round "9.82"]
[White "Doherty, Paul"]
[Black "Bromilow, Edward T"]
[Result "0-1"]
[WhiteElo "1788"]
[BlackElo "1819"]
[PlyCount "40"]
[EventDate "2024.05.04"]
[WhiteTeam "Apprentice Woodpushers"]
[BlackTeam "Ashfield 3"]

1. e4 c6 2. Nc3 d5 3. Qf3 dxe4 4. Nxe4 Nf6 5. Bc4 Nbd7 6. d4 Nb6 7. Qb3 Nxc4 8.
Nxf6+ exf6 9. Qxc4 Be6 10. Qd3 Qd5 11. f3 O-O-O 12. c3 Bf5 13. Qe3 Bd6 14. Kf2
Rhe8 15. Qd2 Qe6 16. b3 Bf4 17. Qd1 Be3+ 18. Kf1 Bxd4 19. cxd4 Rxd4 20. Bd2 Qd7
0-1

[Event "4NCL Division Four"]
[Site "Telford, ENG"]
[Date "2024.05.04"]
[Round "9.83"]
[White "Hatton, David"]
[Black "Bokade, Chinmay"]
[Result "0-1"]
[WhiteElo "1795"]
[BlackElo "1663"]
[PlyCount "80"]
[EventDate "2024.05.04"]
[WhiteTeam "Ashfield 3"]
[BlackTeam "Apprentice Woodpushers"]

1. d4 d5 2. c4 c6 3. Nc3 Nf6 4. Nf3 e6 5. Bg5 Be7 6. e3 dxc4 7. Bxc4 b5 8. Bd3
Bb7 9. O-O Nbd7 10. Rc1 a6 11. Bxf6 Nxf6 12. Ne4 Nxe4 13. Bxe4 Qb6 14. Ne5 Rc8
15. Qf3 Bf6 16. Bxc6+ Bxc6 17. Rxc6 Rxc6 18. Nxc6 O-O 19. Rc1 Qc7 20. Qd1 Qd7
21. Nb4 Qd6 22. Nd3 Rd8 23. Qc2 e5 24. Nxe5 Bxe5 25. dxe5 Qxe5 26. h3 g6 27. b3
Qd6 28. Qb2 Qd2 29. Qc2 Rd3 30. Qc8+ Rd8 31. Qc7 Rd6 32. Rc2 Qd5 33. Qb8+ Kg7
34. Rc8 Qe5 35. Rc1 Rd1+ 36. Rxd1 Qxb8 37. g3 Qc8 38. Kg2 Qc2 39. Rd4 Qxa2 40.
b4 a5 0-1

[Event "4NCL Division Four"]
[Site "Telford, ENG"]
[Date "2024.05.04"]
[Round "9.84"]
[White "Coupe, Jon"]
[Black "Combie, Alex B"]
[Result "1-0"]
[WhiteElo "1506"]
[BlackElo "1785"]
[PlyCount "127"]
[EventDate "2024.05.04"]
[WhiteTeam "Apprentice Woodpushers"]
[BlackTeam "Ashfield 3"]

1. e4 c5 2. d4 cxd4 3. c3 Nf6 4. e5 Nd5 5. Nf3 e6 6. Bc4 Nb6 7. Bb3 dxc3 8.
Nxc3 d5 9. exd6 Bxd6 10. O-O O-O 11. Qe2 N8d7 12. Rd1 Qe7 13. Bg5 Nf6 14. Ne4
Bb8 15. Qd3 Nbd7 16. Bc2 Re8 17. Nxf6+ Nxf6 18. Bxf6 Qxf6 19. Qxh7+ Kf8 20. Ba4
Qh6 21. Qc2 Bxh2+ 22. Nxh2 b5 23. Bxb5 Bb7 24. Bxe8 Rxe8 25. Qd2 Qh4 26. Qd6+
Kg8 27. Qd7 Qe7 28. Qxe7 Rxe7 29. Rac1 Bd5 30. b3 a5 31. Rd3 Ra7 32. Rh3 Kf8
33. Rc8+ Ke7 34. Rhc3 Ra6 35. Nf3 a4 36. Nd4 axb3 37. axb3 Ra1+ 38. Kh2 Re1 39.
Rc1 Re4 40. Nc6+ Kd7 41. Na5 Rh4+ 42. Kg1 Rg4 43. R1c7+ Kd6 44. Nc4+ Bxc4 45.
Rxc4 Rg5 46. b4 e5 47. b5 e4 48. R4c6+ Kd7 49. b6 Rb5 50. R6c7+ Kd6 51. Rd8+
Ke6 52. b7 f5 53. b8=Q Rxb8 54. Rxb8 g5 55. Rb5 g4 56. Rcc5 f4 57. Rh5 e3 58.
fxe3 fxe3 59. Kf1 e2+ 60. Kxe2 g3 61. Rh6+ Kd7 62. Rb7+ Kc8 63. Rg7 Kd8 64.
Rh8# 1-0

[Event "4NCL Division Four"]
[Site "Telford, ENG"]
[Date "2024.05.04"]
[Round "9.85"]
[White "Thomson, James L"]
[Black "Wilson, Jeff"]
[Result "1/2-1/2"]
[WhiteElo "1680"]
[BlackElo "1470"]
[PlyCount "48"]
[EventDate "2024.05.04"]
[WhiteTeam "Ashfield 3"]
[BlackTeam "Apprentice Woodpushers"]

1. d4 g6 2. c4 Bg7 3. e4 e6 4. Nc3 d6 5. Nf3 h6 6. Be3 Nd7 7. Qc2 b6 8. Be2 Ne7
9. O-O O-O 10. Rfd1 Bb7 11. d5 e5 12. Qd2 Kh7 13. Qc2 a6 14. Rac1 Qe8 15. b4
Rc8 16. a3 Nf6 17. Ne1 Rd8 18. c5 dxc5 19. bxc5 b5 20. Nd3 Ra8 21. f4 exf4 22.
Bxf4 c6 23. d6 Neg8 24. Bf3 Nd7 $11 1/2-1/2

[Event "4NCL Division Four"]
[Site "Telford, ENG"]
[Date "2024.05.04"]
[Round "9.86"]
[White "Eccleston, Rowan"]
[Black "Willoughby, Robert H"]
[Result "1/2-1/2"]
[WhiteElo "1436"]
[BlackElo "1603"]
[PlyCount "53"]
[EventDate "2024.05.04"]
[WhiteTeam "Apprentice Woodpushers"]
[BlackTeam "Ashfield 3"]

1. f4 e5 2. fxe5 d6 3. Nf3 Bg4 4. e4 dxe5 5. Nc3 c6 6. Bc4 Bxf3 7. Qxf3 Nf6 8.
d3 Bc5 9. Bg5 Nbd7 10. Qg3 Qe7 11. Rf1 O-O-O 12. O-O-O h6 13. Bxf6 gxf6 14. Qf3
Rdg8 15. g3 Rg6 16. a3 a5 17. Ba2 b5 18. Kd2 Bd4 19. Ra1 Nb6 20. Rab1 Kc7 21.
Ne2 Bc5 22. Nc3 b4 23. axb4 Bxb4 24. Qe3 Bc5 25. Qf3 Rd8 26. Kc1 Rd7 27. h4
1/2-1/2